| 000 | 00352nam a2200157Ia 4500 | ||
|---|---|---|---|
| 100 | _aPowell/Thomas A | ||
| 250 | _a4 | ||
| 942 | _cBK | ||
| 366 | _f15 | ||
| 654 | _aHTML | ||
| 245 | _aThe Complete Reference:HTML and XHTML | ||
| 260 |
_bTata Mc Graw hill Ltd. _aNew Delhi _c2003 |
||
| 082 |
_a005.133/POW _bPOW |
||
| 300 | _a944 | ||
| 546 | _aENGLISH | ||
| 999 |
_c30573 _d30573 |
||